000 00633cam a2200205 a 4500
001 11775939
005 20240226052525.0
008 990812s1998 enk b 001 0 eng
020 _a1854891073 (pb)
020 _a1854891065 (hb)
040 _aDLC
_cDLC
_dDLC
082 0 0 _a321.03.
_221
_bIMP.
245 0 0 _aImperialism and internationalism /
_cedited by Willie Thompson ... [et al.].
260 _aLondon ;
_aNew York :
_bRivers Oram Press ;
_bDistributed in the USA by New York University Press,
_c1998.
300 _a102 p. ;
650 0 _aImperialism.
650 0 _aNationalism.
700 1 _aThompson, Willie.
_eedt
942 _cL
999 _c488
_d488